000 00670nam a2200253Ia 4500
003 EC-GqESP
005 20260119111440.0
008 250425s9999 xx 000 0 und d
010 _a41829
041 _aspa
043 _aec
082 _a658.4
100 _aAROSEMENA AROSEMENA, GUILLERMO
245 0 _aEN BUSCA DE LA COMPETITIVIDAD: TEORIA Y PRACTICAS DE LA GERENCIA EN EL SIGLO XXI
250 _a1A ED.
260 _aEcuador
_bESPOL
_c2002
260 _aGUAYAQUIL
300 _a118
500 _aDIALOGANDO CON LOS LÍDERES ECUATORIANOS DEL SIGLO XXI; 14.
650 _aCOMPETITIVIDAD
650 _aEMPRESAS
650 _aGERENCIA
942 _c01
999 _c221095
_d221095